000 00580nam a2200181Ia 4500
003 GCL
008 140319s9999 xx 000 0 ara d
040 _aGCL /
_cGCL
082 0 4 _a928.18
_bم ك
100 1 _aكمال اليازجى
245 1 0 _aالشيخ ابراهيم الحوارنى فى فجر النهضة الحديثة 1844 - 1916 /
_cكمال اليازجى
260 _a[S.N] :
_bمعهد الدراسات العربية العالية ،
_c1961
300 _a266 ص
490 _a
650 0 4 _aالتراجم
650 0 4 _aالادباء
942 _2ddc
_cBK
999 _c54449
_d54449